| 000 | 00488nam a2200205Ia 4500 | ||
|---|---|---|---|
| 008 | 170918s9999 xx 000 0 und d | ||
| 020 | _a9780516298115 | ||
| 050 | _bS245 2006 | ||
| 100 | _aSargent, Brian | ||
| 245 | 2 | _aA busy day / | |
| 245 | _cBrian Sargent. | ||
| 260 | _aNew York : | ||
| 260 | _bChildren's Press, | ||
| 260 | _c2006 | ||
| 300 | _a31 pages : | ||
| 300 | _bcolored illustration ; | ||
| 300 | _c18cm. | ||
| 440 | _aRookie read-about math. | ||
| 500 | _a230 | ||
| 999 |
_c341110 _d341110 |
||